[Event "Gibraltar Amateurs op-B"]
[Site "Caleta"]
[Date "2020.01.25"]
[Round "1"]
[White "Riedel, Michael Ralf"]
[Black "Kovacevic, Aleksandar S"]
[Result "0-1"]
[WhiteElo "1554"]
[BlackElo "1804"]
[PlyCount "71"]
[EventDate "2020.01.20"]
[EventType "swiss"]
[EventRounds "5"]
[EventCountry "GGB"]
[SourceTitle "CBM 194 Extra"]
[Source "ChessBase"]
[SourceDate "2020.03.31"]
[SourceVersion "1"]
[SourceVersionDate "2020.03.31"]
[SourceQuality "1"]

1. d4 Nf6 2. c3 e6 3. Bg5 d5 4. e3 c5 5. Bd3 Nc6 6. f4 h6 7. Bh4 Be7 8. Nd2 Qb6 9. b3 Bd7 10. Ngf3 Qa5 11. Qc2 Ng4 12. Bf2 cxd4 13. exd4 Nxf2 14. Kxf2 Rc8 15. g3 Bf6 16. Qb2 Qb6 17. b4 h5 18. Rhe1 h4 19. Nb3 Ne7 20. g4 g6 21. Re2 Qc7 22. Ne5 Bxe5 23. fxe5 Qxc3 24. Qxc3 Rxc3 25. Rd2 b6 26. Rc1 Rxc1 27. Nxc1 Nc6 28. a3 Nxd4 29. Bxg6 fxg6 30. Rxd4 Rf8+ 31. Kg2 g5 32. Nb3 Bb5 33. Nd2 Be2 34. h3 Kd7 35. b5 Bxb5 36. Nf3 0-1